Città delle Finali dei Mondiali - Morte subita - Statistics

Statistiche generali
  • Questo quiz è stato fatto 391 volte
    243 dall'ultimo reset
  • Il punteggio medio è 10 su 18
Answers on the Grid
Answers color-coded by a green-red scale on the quiz's grid according to % correct below.
Montevideo
Roma
Parigi
Rio de Janeiro
Berna
Stoccolma
Santiago del Cile
Londra
Città del Messico
Monaco di Baviera
Buenos Aires
Madrid
Pasadena
Yokohama
Berlino
Johannesburg
Mosca
Lusail
New York
Brasilia
Bogotà
Barcellona
Marsiglia
Milano
Manchester
Dortmund
Copenaghen
Kiev
Varsavia
Vienna
Belgrado
Atene
Pechino
Il Cairo
Pretoria
Sydney
 
Statistiche sulle risposte
Risposta % Corretto
Berlino
75%
Roma
71%
Rio de Janeiro
69%
Londra
67%
Parigi
67%
Madrid
65%
Buenos Aires
64%
Città del Messico
64%
Johannesburg
53%
Stoccolma
53%
Montevideo
51%
Mosca
51%
Pasadena
51%
Santiago del Cile
51%
Berna
45%
Yokohama
38%
Lusail
27%
Monaco di Baviera
22%
Nessun quiz corrispondente trovato
Distribuzione punteggi
Percentuale di utenti per punteggio
Percentile per numero di risposta
I tuoi punteggi nel tempo
Non hai fatto questo quiz dall'ultimo reset